Sports Quiz

Random Sports or NFL Quiz

Ultimate NFL Power Rankings Quiz Stats

Quiz not verified by Sporcle

Also try: NFL Pre-Favre
Challenge
Share
Tweet
Embed
Score 0/32 Timer 05:00
0 Plays Today
Rank Franchise % Correct
1Pittsburgh Steelers
99.1%
3Dallas Cowboys
93.9%
2New England Patriots
93%
4San Francisco 49ers
91.3%
5Green Bay Packers
88.7%
6New York Giants
82.6%
7Denver Broncos
75.7%
9Washington Redskins
73%
8Oakland Raiders
71.3%
10Miami Dolphins
68.7%
11Indianapolis Colts
64.3%
12Baltimore Ravens
63.5%
13Los Angeles Rams
56.5%
17Chicago Bears
53%
32Houston Texans
53%
22Buffalo Bills
52.2%
Rank Franchise % Correct
15Seattle Seahawks
51.3%
16Kansas City Chiefs
51.3%
18New York Jets
51.3%
21Minnesota Vikings
51.3%
19New Orleans Saints
50.4%
14Philadelphia Eagles
49.6%
30Detroit Lions
47.8%
31Jacksonville Jaguars
47.8%
20Tampa Bay Buccaneers
44.3%
29Cleveland Browns
44.3%
23Cincinnati Bengals
42.6%
27Los Angeles Chargers
42.6%
25Carolina Panthers
41.7%
24Atlanta Falcons
41.7%
28Arizona Cardinals
40.9%
26Tennessee Titans
39.1%

You're not logged in!

Compare scores with friends on all Sporcle quizzes.
Sign Up with Email
OR
Log In

You Might Also Like...

Show Comments

Extras

Top Quizzes Today


Score Distribution

Your Account Isn't Verified!

In order to create a playlist on Sporcle, you need to verify the email address you used during registration. Go to your Sporcle Settings to finish the process.

Report this User

Report this user for behavior that violates our Community Guidelines.

Details: